000 00533pab a2200181 454500
008 180718b2012 xxu||||| |||| 00| 0 eng d
100 _aGamkhar, Shama
245 _aThe state of American federalism 2011-2012: A fend for yourself and activist form of bottom-up federalism
260 _c2012
300 _ap.357-386.
362 _aSummer
650 _aFederalism - United States
650 _aFederalism
700 _aPickerill, J. Mitchell
773 _aPublius: The Journal of Federalism
908 _aN
909 _a97221
999 _c97221
_d97221